[Event "ECC, Panormo GRE"]
[Site "?"]
[Date "2001.??.??"]
[Round "4"]
[White "Beliavsky, A."]
[Black "Ponomariov, R."]
[Result "0-1"]
[WhiteElo "2655"]
[BlackElo "2680"]
[PlyCount "138"]
[EventDate "2001.??.??"]
[Source "www.chesslib.no"]
[SourceDate "2004.05.04"]

1. c4 c5 2. Nc3 Nc6 3. g3 g6 4. Bg2 Bg7 5. Nf3 e5 6. a3 a5 7. d3 Nge7 8. Bg5 f6 9. Bd2 d6 10. O-O O-O 11. Ne1 Be6 12. Nc2 d5 13. cxd5 Nxd5 14. Ne3 Nde7 15. Nc4 Rb8 16. Nb5 f5 17. Bc3 b6 18. e3 Bxc4 19. dxc4 Qxd1 20. Rfxd1 e4 21. Bxg7 Kxg7 22. Rd6 Rfd8 23. Rad1 Rxd6 24. Rxd6 Ne5 25. Bf1 N7c6 26. Nc3 Rb7 27. Be2 Rd7 28. Rxd7+ Nxd7 29. h4 Nce5 30. Kf1 Kf6 31. Ke1 Ke6 32. Nd5 Kd6 33. a4 Nc6 34. b3 Nb4 35. Nc3 Ke5 36. Kd2 Nf8 37. Nb5 h6 38. Nc3 g5 39. hxg5 hxg5 40. Nd1 Nd7 41. Nc3 Nf6 42. Nb5 f4 43. gxf4+ gxf4 44. exf4+ Kxf4 45. Na7 Nd7 46. Kc3 Ne5 47. Nc8 Ned3 48. Nxb6 Nxf2 49. Nd5+ Ke5 50. Ne3 Nh3 51. Bd1 Ng5 52. Bh5 Ne6 53. Bd1 Nd4 54. Ng2 Nf3 55. Ne3 Nh4 56. Ng4+ Kf5 57. Ne3+ Kf4 58. Nd5+ Ke5 59. Nb6 Nf5 60. Nd7+ Kd6 61. Nf6 Ng3 62. Ng4 Ke6 63. Kd2 Nf5 64. Be2 Nc6 65. Bf1 Ne5 66. Ne3 Nf3+ 67. Ke2 N3d4+ 68. Kf2 Nxe3 69. Kxe3 Ke5 0-1

[Event "Europa ch 2008"]
[Site "Plovdiv BUL"]
[Date "2008.05.02"]
[Round "11.85"]
[White "Minasian, Artashes"]
[Black "Tratar, Marko"]
[Result "1-0"]
[WhiteElo "2574"]
[BlackElo "2477"]
[PlyCount "85"]
[EventDate "2008.04.21"]
[Source "www.chesslib.no"]
[SourceDate "2004.05.04"]

1. c4 c5 2. Nc3 Nc6 3. g3 g6 4. Bg2 Bg7 5. Nf3 e5 6. d3 Nge7 7. Nd2 d6 8. Nf1 Be6 9. Ne3 Qd7 10. Ned5 O-O 11. h4 Rab8 12. h5 a6 13. Bh6 Nf5 14. Bxg7 Kxg7 15. Qd2 Rh8 16. g4 Nfe7 17. Nf6 Qd8 18. Nce4 h6 19. g5 Qa5 20. Qxa5 Nxa5 21. Nxd6 hxg5 22. h6+ Kxf6 23. Ne4+ Kf5 24. Bh3+ g4 25. Rg1 g5 26. Rxg4 Kg6 27. Rxg5+ Kxh6 28. Bxe6 Rhg8 29. Rxg8 Rxg8 30. Bh3 Rg1+ 31. Bf1 b6 32. O-O-O Kg6 33. Bh3 Rxd1+ 34. Kxd1 f5 35. Nc3 Nac6 36. Bg2 Nd8 37. Nd5 Nc8 38. Nc7 a5 39. Kc2 Kf6 40. Kb3 Ke7 41. Bh3 Ne6 42. Nd5+ Kd6 43. Ka4 1-0

[Event "Chigorin Mem, St Petersburg RUS"]
[Site "?"]
[Date "2000.??.??"]
[Round "3"]
[White "Grebionkin, Vl"]
[Black "Filippov, V."]
[Result "0-1"]
[WhiteElo "2435"]
[BlackElo "2590"]
[PlyCount "76"]
[EventDate "2000.??.??"]
[Source "www.chesslib.no"]
[SourceDate "2004.05.04"]

1. c4 c5 2. Nc3 Nc6 3. g3 g6 4. Bg2 Bg7 5. Nf3 e5 6. O-O d6 7. d3 Nge7 8. Ne1 Be6 9. Nd5 O-O 10. Nc2 Rb8 11. a4 a6 12. Bg5 f6 13. Bd2 a5 14. Nce3 f5 15. f4 Nb4 16. Bc3 Nec6 17. Nc2 Qd7 18. e3 Rbe8 19. Qd2 Ne7 20. Nxe7+ Rxe7 21. b3 d5 22. Bxb4 axb4 23. Rad1 Rd8 24. Qe2 Qc7 25. cxd5 Bxd5 26. Bxd5+ Rxd5 27. d4 exd4 28. Qc4 Qc6 29. exd4 Re4 30. Ne3 Bxd4 31. Rxd4 Rexd4 32. Nxd5 Qxd5 33. Qb5 Kg7 34. Re1 Rd2 35. Re2 Rd1+ 36. Kf2 Rh1 37. Ke3 Rf1 38. Rc2 Qf3+ 0-1

[Event "It (seniors), Bled (Slovenia)"]
[Site "Bled"]
[Date "1998.09.11"]
[Round "6"]
[White "Mijovic, Aleksandra"]
[Black "Lorenzo Fernando"]
[Result "1/2-1/2"]
[WhiteElo "2520"]
[BlackElo "2505"]
[PlyCount "70"]
[EventDate "1998.??.??"]
[Source "www.chesslib.no"]
[SourceDate "2004.05.04"]

1. c4 c5 2. Nc3 Nc6 3. g3 g6 4. Bg2 Bg7 5. Nf3 e5 6. a3 a5 7. d3 d6 8. Rb1 Nge7 9. O-O O-O 10. Bd2 Rb8 11. Ne1 Be6 12. Nc2 d5 13. cxd5 Nxd5 14. b4 Nxc3 15. Bxc3 axb4 16. axb4 c4 17. b5 Nd4 18. Bxd4 exd4 19. dxc4 Bxc4 20. Rb4 Bxe2 21. Qxe2 d3 22. Qd1 dxc2 23. Qxc2 Rc8 24. Qb1 b6 25. Bc6 Qc7 26. Rc4 Rcd8 27. Qe4 Qe5 28. Qf3 Rd2 29. Re4 Qc5 30. Kg2 Rfd8 31. Rfe1 Bd4 32. R1e2 Rxe2 33. Rxe2 Rd6 34. Qf4 Rf6 35. Qd2 Kg7 1/2-1/2

[Event "SWE Team Ch 9394"]
[Site "Sweden"]
[Date "1994.??.??"]
[Round "6"]
[White "Karlsson, Lars C-G"]
[Black "Ernst, Thomas"]
[Result "1/2-1/2"]
[WhiteElo "2520"]
[BlackElo "2480"]
[PlyCount "75"]
[EventDate "1993.??.??"]
[Source "www.chesslib.no"]
[SourceDate "2004.05.04"]

1. c4 c5 2. Nc3 Nc6 3. g3 g6 4. Bg2 Bg7 5. Nf3 e5 6. O-O Nge7 7. Ne1 O-O 8. Nc2 d6 9. d3 Be6 10. Bg5 f6 11. Bd2 d5 12. cxd5 Nxd5 13. Nxd5 Bxd5 14. Bxd5+ Qxd5 15. b4 cxb4 16. Nxb4 Nxb4 17. Bxb4 Rfc8 18. Qd2 Rc6 19. Rfc1 Rac8 20. Rxc6 Rxc6 21. Rc1 h5 22. Rxc6 Qxc6 23. h4 Kh7 24. Qb2 e4 25. Qa3 exd3 26. exd3 Qf3 27. Bf8 Bxf8 28. Qxf8 a6 29. d4 Qd1+ 30. Kg2 Qxd4 31. Qf7+ Kh6 32. Qxb7 Qd6 33. a4 f5 34. a5 f4 35. Qa8 Kh7 36. Qb7+ Kh6 37. Qa8 Kh7 38. Qb7+ 1/2-1/2

[Event "Open del Canada"]
[Site "Montreal CAN"]
[Date "2008.07.19"]
[Round "1"]
[White "Noritsyn, N."]
[Black "Moiseenko, A1."]
[Result "0-1"]
[WhiteElo "2361"]
[BlackElo "2632"]
[PlyCount "102"]
[EventDate "2008.07.19"]
[Source "www.chesslib.no"]
[SourceDate "2004.05.04"]

1. c4 c5 2. Nc3 Nc6 3. g3 g6 4. Bg2 Bg7 5. Nf3 e5 6. O-O d6 7. d3 Nge7 8. Ne1 Be6 9. Nc2 d5 10. cxd5 Nxd5 11. Ne4 b6 12. Ng5 Bc8 13. Ne3 Nde7 14. Bd2 h6 15. Nf3 O-O 16. Bc3 Be6 17. Re1 Qd7 18. Nd2 Rac8 19. Rc1 Rfd8 20. a3 a5 21. Nec4 Qc7 22. b3 Nd5 23. Ba1 Kh7 24. Ne4 Qb8 25. Ncd2 Qa7 26. Nc3 Qd7 27. Nc4 Rb8 28. Nxd5 Bxd5 29. Bxd5 Qxd5 30. Qc2 Nd4 31. Qd1 h5 32. Rb1 e4 33. Bxd4 Bxd4 34. dxe4 Qxe4 35. Qc1 b5 36. Nxa5 Ra8 37. b4 c4 38. Qf4 Qxf4 39. gxf4 Bb6 40. a4 Bxa5 41. bxa5 bxa4 42. Rb4 Rxa5 43. Rxc4 Rd2 44. Rb4 a3 45. Kf1 Rb2 46. Rc4 a2 47. Rcc1 Rf5 48. Rc4 Ra5 49. Rcc1 Rd5 50. Rc7 Rb1 51. Ra7 Rdd1 0-1

[Event "XXIV ECC"]
[Site "Kallithea GRE"]
[Date "2008.10.17"]
[Round "1"]
[White "Jobava, Ba"]
[Black "Zickus, S."]
[Result "1-0"]
[WhiteElo "2664"]
[BlackElo "2315"]
[PlyCount "93"]
[EventDate "2008.10.17"]
[Source "www.chesslib.no"]
[SourceDate "2004.05.04"]

1. c4 c5 2. Nc3 Nc6 3. g3 g6 4. Bg2 Bg7 5. Nf3 e5 6. d3 Nge7 7. a3 O-O 8. O-O d6 9. Bd2 Rb8 10. Rb1 a5 11. Ne1 Be6 12. Nd5 b5 13. b3 b4 14. Nc2 Bxd5 15. cxd5 Nd4 16. Nxd4 exd4 17. Ra1 Nf5 18. Be4 Nh6 19. Ra2 Ng4 20. h3 Nf6 21. Bf3 Nd7 22. Qc2 Bf6 23. Rfa1 Bg5 24. Be1 f5 25. axb4 axb4 26. Bg2 Rb7 27. Ra6 Nb8 28. Ra8 Qe7 29. f4 Bh6 30. Bf3 Nd7 31. Bd2 Nb6 32. Rxf8+ Kxf8 33. Ra6 Nd7 34. g4 Nb8 35. Ra8 Qf7 36. Qc1 Qc7 37. Qe1 Qe7 38. Qa1 Kf7 39. gxf5 gxf5 40. Bh5+ Kg8 41. Qa4 Bf8 42. Qe8 Qh4 43. Qe6+ Kh8 44. Qxf5 Rg7+ 45. Kf1 Nd7 46. Be1 Qe7 47. Re8 1-0

[Event "Hastings Challengers"]
[Site "Hastings"]
[Date "1999.01.01"]
[Round "4"]
[White "Ledger, Andrew"]
[Black "Miezis, Normunds"]
[Result "1/2-1/2"]
[WhiteElo "2450"]
[BlackElo "2515"]
[PlyCount "49"]
[EventDate "1998.12.??"]
[Source "www.chesslib.no"]
[SourceDate "2004.05.04"]

1. c4 c5 2. Nc3 Nc6 3. g3 g6 4. Bg2 Bg7 5. Nf3 e5 6. O-O Nge7 7. Ne1 a6 8. Nc2 Rb8 9. a4 d6 10. d3 Be6 11. Ne3 Nb4 12. Ncd5 Nec6 13. Nxb4 Nxb4 14. a5 O-O 15. Bd2 Nc6 16. Bc3 f5 17. Nd5 Qd7 18. e3 Rbe8 19. Qd2 Kh8 20. Rab1 g5 21. f4 gxf4 22. exf4 Nd4 23. Rbe1 Bg8 24. Kh1 Nc6 25. Qf2 1/2-1/2

[Event "XVII Festival"]
[Site "Abu Dhabi EAU"]
[Date "2007.08.14"]
[Round "3"]
[White "Jobava, Ba"]
[Black "Swathi, G."]
[Result "1-0"]
[WhiteElo "2644"]
[BlackElo "2317"]
[PlyCount "24"]
[EventDate "2007.08.12"]
[Source "www.chesslib.no"]
[SourceDate "2004.05.04"]

1. c4 c5 2. Nc3 Nc6 3. g3 g6 4. Bg2 Bg7 5. Nf3 e5 6. d3 d6 7. O-O Nge7 8. a3 O-O 9. Ne1 a5 10. Nc2 Rb8 11. b4 cxb4 12. axb4 axb4 1-0

[Event "FSGM September"]
[Site "Budapest"]
[Date "2003.09.06"]
[Round "1"]
[White "Bui Vinh"]
[Black "Flumbort, Andras"]
[Result "1/2-1/2"]
[WhiteElo "2469"]
[BlackElo "2471"]
[PlyCount "54"]
[EventDate "2003.09.06"]
[Source "Roberto Alvarez"]
[SourceDate "2003.09.22"]

1. c4 c5 2. Nc3 Nc6 3. g3 g6 4. Bg2 Bg7 5. Nf3 e5 6. d3 Nge7 7. O-O d6 8. Rb1 O-O 9. a3 a5 10. Bd2 h6 11. Ne1 Be6 12. Nc2 d5 13. cxd5 Nxd5 14. Ne3 Nde7 15. Na4 b6 16. b4 cxb4 17. axb4 b5 18. Nc5 Ba2 19. bxa5 Bxb1 20. Qxb1 Rb8 21. Rc1 Nxa5 22. Bxa5 Qxa5 23. Nd7 Rbc8 24. Nxf8 Rxc1+ 25. Qxc1 Bxf8 26. Nd5 Nxd5 27. Bxd5 Qb6 1/2-1/2

[Event "Camp. cubano Open"]
[Site "Santa Clara CUB"]
[Date "2007.01.11"]
[Round "2"]
[White "Alvarez Pedraza, A."]
[Black "Abreu, A."]
[Result "0-1"]
[WhiteElo "2445"]
[BlackElo "2473"]
[PlyCount "104"]
[EventDate "2007.01.10"]
[Source "www.chesslib.no"]
[SourceDate "2004.05.04"]

1. c4 c5 2. Nc3 Nc6 3. g3 g6 4. Bg2 Bg7 5. Nf3 e5 6. O-O d6 7. a3 a5 8. d3 Nge7 9. Rb1 O-O 10. Ne1 Be6 11. Nc2 d5 12. cxd5 Nxd5 13. Ne3 Nde7 14. Nc4 Rb8 15. Be3 Nd4 16. f4 Nec6 17. Ne4 b6 18. fxe5 Nxe5 19. Bg5 f6 20. Nxe5 fxg5 21. Rxf8+ Qxf8 22. Nc4 h6 23. Qd2 Nf5 24. Rf1 Qe7 25. Nc3 Rd8 26. Qc1 Bxc4 27. dxc4 Bxc3 28. Qxc3 Ne3 29. Bd5+ Nxd5 30. cxd5 Rxd5 31. Rf6 Rd6 32. Rxd6 Qxd6 33. e3 h5 34. b3 h4 35. Kf2 Qf8+ 36. Ke2 Qf5 37. Qc4+ Kg7 38. Qc3+ Kh7 39. Qc4 Qf6 40. a4 h3 41. Kd2 Qf2+ 42. Qe2 Qg2 43. Kd3 Kg7 44. Qg4 Qxh2 45. Qd7+ Kh6 46. Qf7 Qxg3 47. Qf8+ Kh5 48. Qh8+ Kg4 49. Qc8+ Kf3 50. Qf8+ Kg2 51. Ke2 Qg4+ 52. Ke1 Qf3 0-1

[Event "Iranian Super League"]
[Site "?"]
[Date "2005.08.25"]
[Round "8"]
[White "Galstian Beniamin"]
[Black "Pashikian Arman"]
[Result "1/2-1/2"]
[WhiteElo "2448"]
[BlackElo "2461"]
[PlyCount "116"]
[EventDate "2005.??.??"]
[Source "www.chesslib.no"]
[SourceDate "2004.05.04"]

1. c4 c5 2. Nc3 Nc6 3. g3 g6 4. Bg2 Bg7 5. Nf3 e5 6. O-O d6 7. Rb1 Nge7 8. Ne1 Be6 9. Nd5 O-O 10. Nc2 a5 11. d3 Rb8 12. Bg5 f6 13. Bd2 b5 14. Nxe7+ Nxe7 15. cxb5 Rxb5 16. Na3 Rb8 17. Nc4 Qd7 18. b3 f5 19. Nxa5 f4 20. a3 h5 21. b4 cxb4 22. Rxb4 Rxb4 23. axb4 h4 24. gxh4 Nf5 25. Kh1 d5 26. Nb3 Qe7 27. Nc5 Nxh4 28. Rg1 Nxg2 29. Rxg2 Bf7 30. f3 Ra8 31. d4 Ra2 32. Bc3 exd4 33. Bxd4 Bxd4 34. Qxd4 Rxe2 35. Qxf4 Rxg2 36. Kxg2 Qe2+ 37. Kg3 Qe1+ 38. Kg2 Qe2+ 39. Kg3 Qe1+ 40. Kh3 Be6+ 41. Nxe6 Qxe6+ 42. Qg4 Qd6 43. Qd4 Kf7 44. Kg2 Qe6 45. Kf2 Qd6 46. f4 Qc6 47. Qc5 Qe6 48. Qc7+ Kf8 49. b5 Qe4 50. b6 d4 51. Qc5+ Kg8 52. Qc4+ Kg7 53. Qc7+ Kh6 54. b7 Qe3+ 55. Kf1 d3 56. b8=Q Qe2+ 57. Kg1 Qe1+ 58. Kg2 Qe2+ 1/2-1/2

[Event "Wch U14 "]
[Site "?"]
[Date "1990.07.??"]
[Round "8"]
[White "Zifroni Dov"]
[Black "Polgar Judit"]
[Result "0-1"]
[WhiteElo "2295"]
[BlackElo "2550"]
[PlyCount "80"]
[EventDate "1990.??.??"]
[Source "www.chesslib.no"]
[SourceDate "2004.05.04"]

1. c4 c5 2. Nc3 Nc6 3. g3 g6 4. Bg2 Bg7 5. Nf3 e5 6. O-O Nge7 7. d3 d6 8. a3 O-O 9. Rb1 a5 10. Bg5 f6 11. Bd2 Be6 12. Ne1 Rb8 13. Nc2 d5 14. cxd5 Nxd5 15. Ne3 Nxe3 16. Bxe3 Nd4 17. b4 cxb4 18. axb4 b5 19. bxa5 b4 20. Ne4 Qxa5 21. Nd2 Rfc8 22. Nc4 Bxc4 23. dxc4 Rxc4 24. Bxd4 Rxd4 25. Qb3+ Kh8 26. Rfd1 Qa3 27. Rxd4 Qxb3 28. Rxb3 exd4 29. Bd5 Bf8 30. Rd3 Bc5 31. Kg2 Kg7 32. Rd2 f5 33. Rc2 Rb5 34. Bc4 Ra5 35. Ra2 Ra3 36. Rxa3 bxa3 37. Kf1 Bb4 38. Kg2 Kf6 39. f4 Ke7 40. Kf3 Bd2 0-1

[Event "6th Stuttgart Open, Ditzingen GER"]
[Site "?"]
[Date "2001.??.??"]
[Round "7"]
[White "Voloshin, L."]
[Black "Ksieski, Z."]
[Result "1/2-1/2"]
[WhiteElo "2420"]
[BlackElo "2415"]
[PlyCount "78"]
[EventDate "2001.??.??"]
[Source "www.chesslib.no"]
[SourceDate "2004.05.04"]

1. c4 c5 2. Nc3 Nc6 3. g3 g6 4. Bg2 Bg7 5. Nf3 e5 6. O-O Nge7 7. Ne1 a6 8. a4 O-O 9. Nc2 Rb8 10. Ne3 d6 11. d3 Nd4 12. Ned5 Nxd5 13. Bxd5 Bd7 14. e3 Nc6 15. Bg2 Nb4 16. Nd5 Nxd5 17. Bxd5 a5 18. Bd2 b6 19. Ra3 Be6 20. Qf3 Qd7 21. Bc6 Qc7 22. Bd5 Qd7 23. Bc6 Bg4 24. Bxd7 Bxf3 25. Re1 Rbd8 26. Bh3 d5 27. Bc3 dxc4 28. dxc4 e4 29. Bg2 Bxg2 30. Kxg2 Rd6 31. Re2 Re8 32. Bxg7 Kxg7 33. Rb3 f5 34. Rc2 Ree6 35. Kf1 g5 36. Kg2 Kf7 37. Re2 Rd1 38. f3 exf3+ 39. Kxf3 Kf6 1/2-1/2

[Event "Stadt Casino op "]
[Site "Baden"]
[Date "2000.??.??"]
[Round "7"]
[White "Jurek, Josef"]
[Black "Miezis, Normunds"]
[Result "1/2-1/2"]
[WhiteElo "2319"]
[BlackElo "2481"]
[PlyCount "145"]
[EventDate "2000.04.??"]
[Source "www.chesslib.no"]
[SourceDate "2004.05.04"]

1. c4 c5 2. Nc3 Nc6 3. g3 g6 4. Bg2 Bg7 5. Nf3 e5 6. O-O Nge7 7. a3 O-O 8. Rb1 a5 9. Ne1 d6 10. Nc2 Be6 11. Ne3 f5 12. d3 h6 13. Ned5 Kh7 14. Bd2 Rb8 15. b4 axb4 16. axb4 cxb4 17. Nxb4 e4 18. Nbd5 Ne5 19. Nf4 Bg8 20. dxe4 Nxc4 21. Be1 Qd7 22. Nfd5 b5 23. Nxe7 Qxe7 24. exf5 Rxf5 25. Nd5 Qe8 26. e4 Re5 27. Bb4 Rb7 28. Nc3 Re6 29. Re1 Kh8 30. Nd5 g5 31. Bc3 Be5 32. Qd3 g4 33. Ne3 Nxe3 34. Rxe3 Rf6 35. Qd1 h5 36. h3 gxh3 37. Bxh3 Bxc3 38. Rxc3 b4 39. Rc8 Qe5 40. Bf5 Rxf5 41. exf5 Qxf5 42. Qd4+ Rg7 43. Rbc1 b3 44. R1c7 Qe5 45. Qxe5 dxe5 46. Rxg7 Kxg7 47. Rc6 Kf7 48. Kf1 Ke7 49. Ke1 Kd7 50. Rb6 Kc7 51. Rb4 Kc6 52. Kd2 Bd5 53. Kc3 Be6 54. Rb8 Kd6 55. Rh8 Bf7 56. Rh6+ Ke7 57. Rb6 Be6 58. Kb4 Kf6 59. Kc5 Kf5 60. Kd6 Bf7 61. Rb7 Bc4 62. Rb4 Bf7 63. f3 Kf6 64. Rb8 Bc4 65. Rf8+ Bf7 66. Rc8 Bg6 67. Rb8 Bc2 68. Kd5 Kf5 69. Rf8+ Kg6 70. Rb8 Kf5 71. Rf8+ Kg6 72. Rg8+ Kf6 73. Rb8 1/2-1/2

[Event "Pico City op"]
[Site "Pico City"]
[Date "1996.??.??"]
[Round "9"]
[White "Andres Mendez, Miguel"]
[Black "Servat, Roberto"]
[Result "1/2-1/2"]
[WhiteElo "2340"]
[BlackElo "2435"]
[PlyCount "24"]
[EventDate "1996.??.??"]
[Source "www.chesslib.no"]
[SourceDate "2004.05.04"]

1. c4 c5 2. Nc3 Nc6 3. g3 g6 4. Bg2 Bg7 5. Nf3 e5 6. O-O Nge7 7. d3 O-O 8. Bd2 d6 9. a3 a5 10. Rb1 Rb8 11. Ne1 Be6 12. Nc2 d5 1/2-1/2

[Event "Tula"]
[Site "Tula"]
[Date "2001.??.??"]
[Round "1"]
[White "Dvalishvili, Pavel S"]
[Black "Brikov, Illarion"]
[Result "0-1"]
[WhiteElo "2398"]
[BlackElo "2355"]
[PlyCount "52"]
[EventDate "2001.01.??"]
[Source "ChessBase"]
[SourceDate "2001.03.08"]

1. c4 c5 2. Nc3 Nc6 3. g3 g6 4. Bg2 Bg7 5. Nf3 e5 6. O-O Nge7 7. d3 O-O 8. a3 d6 9. Qc2 a5 10. Bd2 b6 11. Rab1 Bb7 12. Rfe1 Nd4 13. Nxd4 Bxg2 14. Kxg2 exd4 15. Nb5 d5 16. Bg5 dxc4 17. dxc4 h6 18. Bf4 g5 19. Bd6 Re8 20. e3 Nc6 21. exd4 Nxd4 22. Nxd4 Bxd4 23. Rxe8+ Qxe8 24. Qf5 Rd8 25. Bf4 Qc6+ 26. Kf1 Qf3 0-1

[Event "Slovenija tch"]
[Site "?"]
[Date "1992.??.??"]
[Round "?"]
[White "Cigan, S."]
[Black "Supancic, D."]
[Result "1/2-1/2"]
[WhiteElo "2365"]
[BlackElo "2375"]
[PlyCount "20"]
[EventDate "1992.??.??"]
[Source "www.chesslib.no"]
[SourceDate "2004.05.04"]

1. c4 c5 2. Nc3 Nc6 3. g3 g6 4. Bg2 Bg7 5. Nf3 e5 6. O-O Nge7 7. Ne1 O-O 8. Nc2 d6 9. a3 a5 10. Rb1 Be6 1/2-1/2

[Event "3rd Asean IM"]
[Site "Bangkok"]
[Date "2004.06.22"]
[Round "2"]
[White "Cain, Celestino"]
[Black "Myo Naing"]
[Result "1/2-1/2"]
[WhiteElo "2310"]
[BlackElo "2425"]
[PlyCount "143"]
[EventDate "2004.06.22"]
[Source "Roberto Alvarez"]
[SourceDate "2004.07.05"]

1. c4 c5 2. Nc3 Nc6 3. g3 g6 4. Bg2 Bg7 5. Nf3 e5 6. O-O Nge7 7. d3 O-O 8. Rb1 d6 9. a3 a5 10. Bd2 h6 11. Ne1 Be6 12. Nc2 d5 13. cxd5 Nxd5 14. Ne3 Nce7 15. Nexd5 Nxd5 16. Qc1 Kh7 17. Nxd5 Bxd5 18. Qxc5 Bxg2 19. Kxg2 e4 20. Qb5 exd3 21. exd3 Re8 22. Rfe1 Rxe1 23. Rxe1 Ra6 24. Qxb7 Qxd3 25. Re3 Qd6 26. Rf3 Rb6 27. Qxf7 Qxd2 28. b3 Rd6 29. h4 h5 30. Rf4 Qe1 31. Qb7 Rd1 32. Kh3 Qh1+ 33. Qxh1 Rxh1+ 34. Kg2 Rb1 35. b4 axb4 36. Rxb4 Ra1 37. a4 Ra3 38. Kf1 Bc3 39. Rc4 Ba5 40. Rf4 Ra2 41. Kg2 Bb6 42. Kf1 Kg7 43. Kg1 Bc7 44. Rc4 Be5 45. Kg2 Kf6 46. Rc6+ Kf5 47. Rc4 Ke6 48. Rb4 Bd6 49. Rd4 Bc5 50. Rf4 Ke5 51. Kf1 Bd4 52. Kg2 Rxa4 53. Rf8 Ra2 54. Rf4 Bc5 55. Rf7 Rb2 56. Rf4 Bd4 57. Rf3 Ke4 58. Rf7 Kd3 59. Rf4 Kc4 60. Kf1 Kd5 61. Kg2 Ke5 62. Rf8 Rb6 63. Rf7 Rf6 64. Rxf6 Kxf6 65. f3 Kf5 66. Kh3 Bf2 67. g4+ hxg4+ 68. fxg4+ Kf4 69. g5 Bxh4 70. Kxh4 Kf5 71. Kh3 Kxg5 72. Kg3 1/2-1/2

[Event "NOR-chT 0001"]
[Site "?"]
[Date "2000.??.??"]
[Round "3"]
[White "Hansen Torbjorn Ringdal"]
[Black "Djurhuus Rune"]
[Result "0-1"]
[WhiteElo "2245"]
[BlackElo "2484"]
[PlyCount "98"]
[EventDate "2000.??.??"]
[Source "www.chesslib.no"]
[SourceDate "2004.05.04"]

1. c4 c5 2. Nc3 Nc6 3. g3 g6 4. Bg2 Bg7 5. Nf3 e5 6. d3 Nge7 7. Nd2 d6 8. Nf1 Be6 9. Ne3 Qd7 10. Ned5 O-O 11. O-O Rab8 12. Bg5 f6 13. Bd2 h6 14. a3 Kh7 15. b4 Bh3 16. Qa4 Nxd5 17. cxd5 Nd4 18. Qxd7 Bxd7 19. Rfb1 cxb4 20. axb4 Rfc8 21. Kf1 f5 22. b5 Rc5 23. Rxa7 Rxc3 24. Bxc3 Nxb5 25. Rxb5 Bxb5 26. Ra3 Rc8 27. Ke1 g5 28. Kd2 g4 29. Rb3 Ba6 30. Rb6 Bf8 31. Bb4 Rd8 32. e4 Kg6 33. d4 exd4 34. e5 Kf7 35. exd6 Ke8 36. Ba3 Kd7 37. Bb2 Bg7 38. Rb4 Re8 39. Bxd4 Bxd4 40. Rxd4 Re2+ 41. Kc3 Rxf2 42. Rd2 Rxd2 43. Kxd2 Kxd6 44. Ke3 Bc4 45. Kd4 b5 46. h3 h5 47. hxg4 hxg4 48. Bh1 Be2 49. Bg2 b4 0-1

[Event "Corr"]
[Site "?"]
[Date "1995.11.15"]
[Round "?"]
[White "Voetter Hans Dieter Dr"]
[Black "Striepens Benedikt"]
[Result "1-0"]
[WhiteElo "2350"]
[BlackElo "2375"]
[PlyCount "65"]
[EventDate "1995.??.??"]
[Source "www.chesslib.no"]
[SourceDate "2004.05.04"]

1. c4 c5 2. Nc3 Nc6 3. g3 g6 4. Bg2 Bg7 5. Nf3 e5 6. O-O Nge7 7. a3 a5 8. Rb1 O-O 9. Ne1 d6 10. d3 Be6 11. Nd5 Rb8 12. Bg5 f6 13. Bd2 b5 14. b3 f5 15. f4 Kh8 16. e3 b4 17. a4 Qd7 18. Bc1 Rbe8 19. Bb2 Nc8 20. Nc2 Bg8 21. Qd2 exf4 22. Bxg7+ Qxg7 23. Nxf4 Ne5 24. Nd5 Rd8 25. d4 Ng4 26. e4 Qh6 27. Qxh6 Nxh6 28. Rbe1 Rde8 29. dxc5 dxc5 30. Nc7 Re5 31. exf5 Rfxf5 32. Rxf5 Rxf5 33. Bh3 1-0

[Event "RUS-ch U20"]
[Site "Ufa"]
[Date "2000.??.??"]
[Round "8"]
[White "Khismatullin, Denis"]
[Black "Shinkevich, Vitaly"]
[Result "1/2-1/2"]
[WhiteElo "2285"]
[BlackElo "2440"]
[PlyCount "40"]
[EventDate "2000.??.??"]
[Source "www.chesslib.no"]
[SourceDate "2004.05.04"]

1. c4 c5 2. Nc3 Nc6 3. g3 g6 4. Bg2 Bg7 5. Nf3 e5 6. d3 d6 7. Bd2 Nge7 8. h4 h6 9. Qc1 Be6 10. e4 Nd4 11. Nxd4 cxd4 12. Nd5 Nxd5 13. cxd5 Bd7 14. Qd1 O-O 15. h5 g5 16. g4 Qb6 17. b3 a5 18. a3 Rfc8 19. Bf3 Qc5 20. Ra2 Bf6 1/2-1/2

[Event "AUT-chT 2003-4"]
[Site "Graz"]
[Date "2003.11.28"]
[Round "1"]
[White "Fahrner, Kurt"]
[Black "Miniboeck, Guenter"]
[Result "1/2-1/2"]
[WhiteElo "2369"]
[BlackElo "2333"]
[PlyCount "197"]
[EventDate "2003.11.01"]
[Source "Roberto Alvarez"]
[SourceDate "2003.12.01"]

1. c4 c5 2. Nc3 Nc6 3. g3 g6 4. Bg2 Bg7 5. Nf3 e5 6. O-O d6 7. Ne1 Be6 8. Nd5 Nge7 9. Nc2 O-O 10. Rb1 Rb8 11. b4 Nxb4 12. Ncxb4 cxb4 13. Rxb4 Nxd5 14. Bxd5 Bxd5 15. cxd5 b5 16. Qb3 Qd7 17. a4 a5 18. Rxb5 Rxb5 19. axb5 Rb8 20. b6 Qb7 21. Ba3 Qxb6 22. Qxb6 Rxb6 23. Rc1 Bf8 24. Rc6 Rb5 25. e4 f5 26. Bxd6 Bxd6 27. Rxd6 fxe4 28. Kf1 a4 29. Ra6 Rxd5 30. Rxa4 Rxd2 31. Rxe4 Rd5 32. Ra4 Rd7 33. Ra5 Re7 34. Ke2 h5 35. Ke3 Kf7 36. Ke4 Kf6 37. Ra6+ Kg7 38. f3 Kf7 39. Kd5 Rb7 40. Kxe5 Rb5+ 41. Kf4 Kg7 42. Rd6 Rb3 43. Kg5 Rb5+ 44. Kh4 Kf7 45. f4 Ra5 46. Rd4 Kf6 47. Re4 Ra2 48. h3 Ra3 49. Re8 Rb3 50. Rf8+ Kg7 51. Rd8 Rb5 52. Rd7+ Kf6 53. Rd6+ Kf7 54. Ra6 Rc5 55. Rb6 Ra5 56. Rb4 Kf6 57. Re4 Ra3 58. Re5 Ra4 59. Rb5 Ra6 60. g4 hxg4 61. hxg4 Ra7 62. Rb6+ Kg7 63. Rc6 Rb7 64. Ra6 Rc7 65. g5 Kf7 66. Kg4 Rb7 67. Rf6+ Kg7 68. Rd6 Kf7 69. Kf3 Re7 70. Rf6+ Kg7 71. Rc6 Kf7 72. Rd6 Ra7 73. Ke4 Ra4+ 74. Ke5 Ra5+ 75. Rd5 Ra7 76. Rc5 Re7+ 77. Kd5 Rd7+ 78. Ke4 Re7+ 79. Kd4 Rd7+ 80. Rd5 Ra7 81. Rd6 Ra4+ 82. Ke5 Ra5+ 83. Ke4 Ra4+ 84. Kf3 Ra3+ 85. Kg4 Ra7 86. Rc6 Rb7 87. Ra6 Rc7 88. Ra4 Rb7 89. f5 gxf5+ 90. Kh5 Kg7 91. Ra6 Rf7 92. Rg6+ Kh7 93. Rh6+ Kg7 94. g6 Rf8 95. Rh7+ Kf6 96. Kh6 f4 97. Rb7 Rh8+ 98. Rh7 Rf8 99. Rb7 1/2-1/2

[Event "JUG Team Ch FL"]
[Site "Arandjelovac"]
[Date "1990.??.??"]
[Round "9"]
[White "Konjevic, Djordje"]
[Black "Djokic, Nenad"]
[Result "1-0"]
[WhiteElo "2340"]
[BlackElo "2310"]
[PlyCount "78"]
[EventDate "1990.??.??"]
[Source "www.chesslib.no"]
[SourceDate "2004.05.04"]

1. c4 c5 2. Nc3 Nc6 3. g3 g6 4. Bg2 Bg7 5. Nf3 e5 6. d3 Nge7 7. Be3 d6 8. a3 a5 9. O-O O-O 10. Ne1 Rb8 11. Nc2 Nd4 12. b4 b6 13. Bg5 f6 14. Bd2 Bb7 15. Bxb7 Rxb7 16. Rb1 axb4 17. axb4 Ra7 18. Nxd4 cxd4 19. Nb5 Ra8 20. e3 dxe3 21. Bxe3 d5 22. Qb3 Kh8 23. Ra1 d4 24. Bd2 Qd7 25. Rfe1 Qc6 26. Rxa8 Rxa8 27. Nxd4 Qd7 28. Nc2 Rd8 29. Be3 b5 30. Bc5 Nf5 31. Ne3 Nd4 32. Bxd4 Qxd4 33. cxb5 f5 34. Qc4 Qd6 35. Qc5 Qxd3 36. Rd1 Qxd1+ 37. Nxd1 Rxd1+ 38. Kg2 h5 39. b6 e4 1-0

[Event "EuTCh, Leon ESP"]
[Site "?"]
[Date "2001.??.??"]
[Round "7"]
[White "Belotti, B."]
[Black "Weber, Je"]
[Result "1/2-1/2"]
[WhiteElo "2400"]
[BlackElo "2245"]
[PlyCount "78"]
[EventDate "2001.??.??"]
[Source "www.chesslib.no"]
[SourceDate "2004.05.04"]

1. c4 c5 2. Nc3 Nc6 3. g3 g6 4. Bg2 Bg7 5. Nf3 e5 6. a3 Nge7 7. b4 d5 8. cxd5 Nxd5 9. Nxd5 Qxd5 10. Bb2 O-O 11. d3 cxb4 12. axb4 Rd8 13. O-O Qb5 14. Ng5 h6 15. Ne4 Nxb4 16. Qa4 Bd7 17. Qxb5 Bxb5 18. Nc5 Bc6 19. Nxb7 Rdb8 20. Nc5 Bxg2 21. Kxg2 Nc2 22. Ra2 Rb5 23. Rc1 Rxc5 24. Ba3 Ne1+ 25. Rxe1 Ra5 26. Rc1 Re8 27. Rcc2 e4 28. dxe4 Rxe4 29. Bc5 Rea4 30. Rxa4 Rxa4 31. Be3 a5 32. Rc8+ Kh7 33. Rc7 Kg8 34. Rc8+ Kh7 35. Rc7 Kg8 36. Ra7 Ra2 37. Ra8+ Kh7 38. Ra7 Kg8 39. Ra8+ Kh7 1/2-1/2